Marki europejskich samochodów - Statystyki

Ogólne statystyki
  • Ten quiz został rozwiązany 97 razy
  • Średni wynik to 17 z 42
Statystyki odpowiedzi
MARKA % Poprawnych
Audi
91%
Fiat
86%
BMW
83%
Opel
79%
Volkswagen
79%
Ferrari
76%
Citroen
73%
Peugeot
71%
Skoda
71%
Seat
68%
Porsche
67%
Dacia
65%
Lamborghini
64%
Volvo
64%
Renault
61%
Alfa Romeo
52%
Mercedes-Benz
50%
Bugatti
47%
Aston Martin
45%
Saab
35%
Bentley
33%
MINI
32%
Rolls-Royce
32%
Maserati
29%
Land Rover
27%
Pagani
27%
Jaguar
26%
Lancia
26%
McLaren
26%
Koenigsegg
21%
Cupra
17%
Smart
15%
Alpine
14%
Lotus
11%
DS
5%
Vauxhall
3%
Caterham
2%
Morgan
2%
NEVS
0%
Polestar
0%
Praga
0%
Santana Motor
0%
Nie znaleziono quizów pasujących do podanych kryteriów
Rozkład punktacji
Procent ludzi z każdym wynikiem
Percentyl według liczby udzielonych odpowiedzi
Twoja historia wyników
Nie rozwiązałeś tego quizu